African journal of business ethics
Publishes scientific articles in the field of business ethics in Africa.
| Autor Corporativo: | |
|---|---|
| Formato: | Electrónico Seriadas |
| Lenguaje: | inglés |
| Publicado: |
Mumbai, India :
Medknow Publications,
2006-<2013>
Stellenbosch, South Africa : SUNMeDIA |
| Materias: | |
| Acceso en línea: | Full text available from Research Library: 01/01/2008 to present |
MARC
| LEADER | 00000nas a2200000 i 4500 | ||
|---|---|---|---|
| 001 | ssj0000394055 | ||
| 003 | WaSeSS | ||
| 005 | 20200512172242.0 | ||
| 006 | m d | ||
| 007 | cr n | ||
| 008 | 100623c20069999sa fr s 0 0eng c | ||
| 010 | |a 2015264074 | ||
| 022 | |a 1817-7417 |l 1817-7417 | ||
| 035 | |a (WaSeSS)ssj0000394055 | ||
| 040 | |a ILGOR |b eng |c ILGOR |d OCLCQ |d Z5A |d SYB |d OCLCF |d OCLCO |d CUS |d TOH |d CUS |d CUD |d CUS |d LND |d CUS |d EUW |d OCLCO |d UPM |d AUD |d OCLCQ |d OCLCO |d WaSeSS | ||
| 042 | |a pcc | ||
| 043 | |a f------ | ||
| 050 | 4 | |a HF5387.A35 | |
| 210 | 0 | |a Afr. j. bus. ethics |b (Online) | |
| 222 | 0 | |a African journal of business ethics |b (Online) | |
| 245 | 0 | 0 | |a African journal of business ethics |h [electronic resource]. |
| 246 | 1 | |a AjoBE | |
| 260 | |a Mumbai, India : |b Medknow Publications, |c 2006-<2013> | ||
| 260 | 3 | |3 2014- |a Stellenbosch, South Africa : |b SUNMeDIA | |
| 310 | |a Two issues a year, |b 2009- | ||
| 362 | 1 | |a Began with vol. 1, issue 1 (Jan./Dec. 2005). | |
| 500 | |a Volumes 3 (2007)-7 (2013), originally published by Medknow Publications, Mumbai, moved to the new publisher's WWW site. Content is also available from several commercial aggregators. | ||
| 506 | |a License restrictions may limit access. | ||
| 520 | |a Publishes scientific articles in the field of business ethics in Africa. | ||
| 550 | |a Official journal of BEN-Africa, the Business Ethics Network of Africa. | ||
| 588 | |a Description based on: Vol. 3, no. 1, published 2008; title from journal home page (publisher's WWW site, viewed December 21, 2015). | ||
| 588 | |a Latest issue consulted: Vol. 8, no. 2 (2014) (viewed December 21, 2015). | ||
| 650 | 0 | |a Business ethics |z Africa |v Periodicals. | |
| 650 | 0 | |a Social responsibility of business |z Africa |v Periodicals. | |
| 650 | 0 | |a Corporate governance |x Moral and ethical aspects |z Africa |v Periodicals. | |
| 650 | 7 | |a Business ethics. |2 fast |0 (OCoLC)fst00842675 | |
| 650 | 7 | |a Social responsibility of business. |2 fast |0 (OCoLC)fst01122851 | |
| 651 | 7 | |a Africa. |2 fast |0 (OCoLC)fst01239509 | |
| 653 | 0 | |a Business, international | |
| 655 | 0 | |a Electronic journals. | |
| 710 | 2 | |a BEN-Africa. | |
| 776 | 0 | 8 | |i Print version: |t African journal of business ethics |x 1817-7417 |w (OCoLC)175921594 |
| 856 | 4 | 0 | |z Full text available from Research Library: 01/01/2008 to present |u https://search.proquest.com/publication/226535 |